000 00265nam a22001097a 4500
082 _a629.1 AER'W
100 _aWRIGHT, P.A
_980213
245 _aAEROSPACE STRUCTURAL METALS HANDBOOK
260 _aNEWYORK
_bSYRACUSE
_c1966
300 _aCODE 1608-PAGE 3
942 _cBK
999 _c585174
_d585174